1999 1434 1105 1936 1741 1573 1193 1240 1092 1342 1454 1378 1532 1478 1952 1214 1846 1071 1414 1878 1876 1602 1614 1905 1897 1163 1591 1026 1395 1024 1061 1297 1887 1860 1376 1457 1187 1321 1900 1508 1471 1146 1212 1186 1676 1955 1449 1646 1622 1637 1242 1249 1151 1230 1795 1847 1410 1329 1165 1230 1726 1579 1437 1510 1731 1056 1240 1402 1876 1442 1372 1937 1281 1404 1782 1287 1819 1681 1091 1315 1337 1796 1677 1969 1832 1222 1699 1986 1425 1426 1023 1714 1579 1098 1585 1494 1785 1500 1488 BCNSPRNW ULIB Ver.6.0+V

เปลี่ยนเป็นภาษาไทย

Change to English
 แสดงรายละเอียดบรรณานุกรม
  กลับหน้าหลัก

Brief Record : Get Marc (ISO 2709) : E-mail record : QR code < ปิดหน้าต่าง
LEADER : 00000nam 2200000uu 4500
001    13399112411
003     ULIB
008    110815s2541||||th 000 0 tha d
020    9789742550837
050  4 QH308.2^bช728ช ล.3 2541
100 0  เชาวน์ ชิโนรักษ์
245 10 ชีววิทยา เล่ม 3 /^cเชาวน์ ชิโนรักษ์, พรรณี ชิโนรักษ์
246 30 ชีววิทยา 3
250    พิมพ์ครั้งที่ 1
260    กรุงเทพฯ :^bศิลปาบรรณาคาร,^c2541
300    ก-ฎ, 510 หน้า :^bภาพประกอบ ;^c24 ซม.
650  0 Biology
650  4 ชีววิทยา
700 0  พรรณี ชิโนรักษ์
945    ^p170^l0^i18492
945    ^p170^l0^i18493
945    ^p170^l0^i19894
945    ^p170^l0^i19895
995    กัณชพร
999 ^a ใช้งานได้ทุกระบบ
รายการนี้ยังไม่มีแท็ก
คุณยังไม่ได้ล็อกอิน คุณสามารถมีกิจกรรมร่วมกับเว็บไซต์ได้ แต่ต้องล็อกอินก่อน ::
  ล็อกอิน

รายการสื่อสารสนเทศ

ลำดับที่ ประเภท เลขเรียก/บาร์โค้ด สถานที่ สถานะ
- ไม่พบข้อมูล -

รายการใกล้เคียง
    ผู้แต่ง [เชาวน์ ชิโนรักษ์]

    หัวเรื่อง [Biology]
    หัวเรื่อง [ชีววิทยา]

BibComment


ยังไม่เคยถูกคอมเมนท์

คอมเมนท์ทรัพยากรรายการนี้
  คอมเมนท์: ชีววิทยา เล่ม 3 ..


 Copyright 2026. Bcnsprnw @Library